mysqli: Table './ulib62015/stat_globaluid' is marked as crashed and should be repaired
select id from stat_globaluid where statuid='20260517124830_891'
mysqli: Table './ulib62015/stat_globaluid' is marked as crashed and should be repaired
DELETE FROM stat_globaluid
WHERE id NOT IN (
SELECT id
FROM (
SELECT id
FROM stat_globaluid
ORDER BY id DESC
LIMIT 100
) foo
);
mysqli: Table './ulib62015/stat_globaluid' is marked as crashed and should be repaired
insert into stat_globaluid set
statuid='20260517124830_891',
dt='1778996910',
phpself='/ULIB62015/dublinfull.php',
agent='Mozilla/5.0 AppleWebKit/537.36 (KHTML, like Gecko; compatible; ClaudeBot/1.0; +claudebot@anthropic.com)',
yea='2026',
mon='5',
dat='17',
ip='216.73.216.45'
mysqli: Table './ulib62015/stathist_viewbib_bib_type' is marked as crashed and should be repaired
insert into stathist_viewbib_bib_type set
dat='17' ,
mon='05' ,
yea='2026' ,
statuid='20260517124830_891' ,
head='13399122037' ,
foot='marc' ,
dt='1778996910'
| LEADER : 00000nam 2200000uu 4500 |
| 001 13399122037 |
| 003 ULIB |
| 008 180109s2559||||th 000 0 tha d |
| 020 ^a9789744227942
|
| 060 4 ^aWB365^bค695 2559
|
| 245 10 ^aคู่มือตรวจรักษาโรคการแพทย์แผนไทยประยุกต์ /^cกองทุนภูมิปัญญาการแพทย์แผนไทย
|
| 250 ^aพิมพ์ครั้งที่ 1
|
| 260 ^aกรุงเทพฯ :^bโรงพิมพ์ชุมนุมสหกรณ์การเกษตรแห่งประเทศไทย ,^c2559.
|
| 300 ^a489 หน้า :^bภาพประกอบ ;^c21 ซม.
|
| 650 4 ^aการแพทย์แผนไทย^xการรักษา.
|
| 650 4 ^aการรักษาโรค
|
| 650 4 ^aการวินิจฉัยโรค
|
| 710 2 ^aกรมพัฒนาการแพทย์แผนไทยและการแพทย์ทางเลือก.^bกองทุนภูมิปัญญาการแพทย์แผนไทย.
|
| 710 2 ^aกระทรวงสาธารณสุข.^bกรมพัฒนาการแพทย์แผนไทยและการแพทย์ทางเลือก.
|
| 945 ^p0^l0^i025649
|
| 945 ^p0^l0^i025943
|
| 945 ^p0^l0^i028119 |
| 999 ^a57066
|
| คุณยังไม่ได้ล็อกอิน คุณสามารถมีกิจกรรมร่วมกับเว็บไซต์ได้ แต่ต้องล็อกอินก่อน :: |
|
|
|
| ลำดับที่ |
ประเภท |
เลขเรียก/บาร์โค้ด |
สถานที่ |
สถานะ |
| 1. |
 หนังสือ | WB365 ค695 2559 Barcode: 025649 | หนังสือทั่วไป | บนชั้น ขอยืม |
| Note:อภินันทนาการโดย |
| 2. |
 หนังสือ | WB365 ค695 2559 ฉ.2 Barcode: 025943 | หนังสือทั่วไป | บนชั้น ขอยืม |
| Note:อภินันทนาการโดย กรมพัฒนาการแพทย์แผนไทยและการแพทย์ทางเลือก |
| 3. |
 หนังสือ | WB365 ค695 2559 ฉ.3 Barcode: 028119 | หนังสือทั่วไป | บนชั้น ขอยืม |
| Note:บริจาค 63 |
รายการใกล้เคียง
หัวเรื่อง [การรักษาโรค] หัวเรื่อง [การวินิจฉัยโรค]
|
|
ยังไม่เคยถูกคอมเมนท์
|
| คอมเมนท์ทรัพยากรรายการนี้ |
|